[Event "Voronezh Winter op"]
[Site "Voronezh"]
[Date "2013.01.17"]
[Round "2"]
[White "Stepanischev, Gregory"]
[Black "Nartov, Albert"]
[Result "1-0"]
[WhiteElo "2010"]
[BlackElo "1707"]
[PlyCount "133"]
[EventDate "2013.01.15"]
[EventType "swiss"]
[EventRounds "9"]
[EventCountry "RUS"]
[SourceTitle "EXT 2014"]
[Source "ChessBase"]
[SourceDate "2013.11.20"]
[SourceVersion "1"]
[SourceVersionDate "2013.11.20"]
[SourceQuality "1"]

1. d4 d5 2. Nf3 Nc6 3. c4 e6 4. Nc3 Be7 5. Bf4 Nf6 6. Rc1 0-0 7. h3 Bd7 8. e3 Rb8 9. a3 a5 10. c5 b6 11. cxb6 Rxb6 12. Na4 Rb7 13. Ba6 Ra7 14. Bb5 Qe8 15. Nc5 Bxc5 16. Rxc5 Ne4 17. Rc1 Nd6 18. Bxd6 cxd6 19. Qa4 Ne7 20. Bxd7 Qxd7 21. Qxd7 Rxd7 22. Kd2 Rb8 23. Rc2 Rdb7 24. Rb1 h6 25. Ne1 Rb3 26. Kc1 e5 27. Rc3 e4 28. Rxb3 Rxb3 29. Kc2 a4 30. Rc1 f5 31. Kb1 Rb7 32. Nc2 Nc6 33. Ka2 g5 34. g3 Kf7 35. Nb4 Nxb4+ 36. axb4 Rxb4 37. Rc7+ Kf6 38. Rh7 f4 39. Rxh6+ Kg7 40. Rxd6 fxg3 41. fxg3 Rb5 42. Rc6 Rb3 43. Rc3 Rb5 44. Rc2 Rb3 45. Rc3 Rb5 46. Kb1 Kf6 47. Kc2 Ke6 48. Ra3 Ra5 49. Kc3 Ra7 50. Kd2 Rb7 51. Kc2 Rh7 52. h4 gxh4 53. gxh4 Rxh4 54. Rxa4 Rh2+ 55. Kb1 Re2 56. Ra3 Re1+ 57. Ka2 Re2 58. Rc3 Kf5 59. Ka3 Kg4 60. b4 Kf3 61. b5 Rxe3 62. Rxe3+ Kxe3 63. b6 Kf2 64. b7 e3 65. b8Q e2 66. Qf4+ Kg1 67. Qe3+ 1-0

[Event "Voronezh op 05"]
[Site "Voronezh"]
[Date "2012.05.20"]
[Round "9"]
[White "Nartov, Albert"]
[Black "Kornev, Sergey"]
[Result "1-0"]
[WhiteElo "1705"]
[BlackElo "1730"]
[PlyCount "36"]
[EventDate "2012.05.12"]
[EventType "swiss"]
[EventRounds "9"]
[EventCountry "RUS"]
[SourceTitle "EXT 2013"]
[Source "ChessBase"]
[SourceDate "2012.11.22"]
[SourceVersion "1"]
[SourceVersionDate "2012.11.22"]
[SourceQuality "1"]

1. Nf3 d5 2. d4 Nf6 3. Bf4 Nbd7 4. e3 e6 5. Be2 b6 6. 0-0 Be7 7. Nc3 a6 8. a3 c5 9. Rc1 Bb7 10. Re1 0-0 11. h3 Rc8 12. Qd2 h6 13. Ne5 Nxe5 14. Bxe5 Nd7 15. Bf4 f6 16. Bd3 cxd4 17. exd4 e5 18. dxe5 fxe5 1-0

[Event "Voronezh-ch sf op"]
[Site "Voronezh"]
[Date "2010.02.14"]
[Round "5.19"]
[White "Nartov, Albert"]
[Black "Kozhevnikov, Ivan"]
[Result "0-1"]
[WhiteElo "1745"]
[BlackElo "1834"]
[PlyCount "32"]
[EventDate "2010.02.10"]
[EventType "swiss"]
[EventRounds "9"]
[EventCountry "RUS"]
[SourceTitle "EXT 2022"]
[Source "ChessBase"]
[SourceDate "2021.10.06"]
[SourceVersion "1"]
[SourceVersionDate "2021.10.06"]
[SourceQuality "1"]

1. Nf3 Nf6 2. Nc3 g6 3. e4 d6 4. d4 Bg7 5. Bc4 0-0 6. 0-0 Nbd7 7. Bg5 c5 8. d5 Rb8 9. Re1 h6 10. Bh4 g5 11. Bg3 Nh5 12. Kh1 a6 13. Qe2 b5 14. Bb3 c4 15. Bxc4 bxc4 16. Qxc4 Rxb2 0-1

[Event "Voronezh-ch sf op"]
[Site "Voronezh"]
[Date "2010.02.11"]
[Round "2.17"]
[White "Klimova, Maria"]
[Black "Nartov, Albert"]
[Result "1-0"]
[WhiteElo "1927"]
[BlackElo "1745"]
[PlyCount "43"]
[EventDate "2010.02.10"]
[EventType "swiss"]
[EventRounds "9"]
[EventCountry "RUS"]
[SourceTitle "EXT 2022"]
[Source "ChessBase"]
[SourceDate "2021.10.06"]
[SourceVersion "1"]
[SourceVersionDate "2021.10.06"]
[SourceQuality "1"]

1. d4 Nf6 2. c4 c6 3. Nc3 d5 4. cxd5 cxd5 5. Nf3 Bf5 6. Qb3 Qb6 7. Qxb6 axb6 8. e3 e6 9. Bb5+ Nc6 10. Ne5 Rc8 11. 0-0 Bd6 12. Na4 0-0 13. Nxb6 Rc7 14. Bxc6 bxc6 15. Bd2 Bxe5 16. dxe5 Ng4 17. Bc3 Rb8 18. Na4 f6 19. h3 Nh6 20. exf6 gxf6 21. Bxf6 Kf7 22. Be5 1-0

[Event "Voronezh Region-ch Seniors"]
[Site "Voronezh"]
[Date "2009.11.23"]
[Round "4.7"]
[White "Vechkanov, Valery"]
[Black "Nartov, Albert"]
[Result "1-0"]
[WhiteElo "1952"]
[BlackElo "1786"]
[PlyCount "47"]
[EventDate "2009.11.20"]
[EventType "swiss"]
[EventRounds "9"]
[EventCountry "RUS"]
[SourceTitle "EXT 2022"]
[Source "ChessBase"]
[SourceDate "2021.10.06"]
[SourceVersion "1"]
[SourceVersionDate "2021.10.06"]
[SourceQuality "1"]

1. d4 Nf6 2. c4 e6 3. Nc3 c5 4. d5 exd5 5. cxd5 d6 6. e4 Be7 7. Nf3 Bg4 8. Be2 Nbd7 9. 0-0 0-0 10. h3 Bh5 11. Bf4 a6 12. Bh2 Re8 13. Nd2 Bg6 14. f4 h6 15. e5 dxe5 16. fxe5 Nxe5 17. Bxe5 Nxd5 18. Nxd5 Qxd5 19. Bc3 Rab8 20. Bc4 Qc6 21. Qb3 b5 22. Bxf7+ Kh7 23. Bxg6+ Kxg6 24. Qf7+ 1-0

[Event "Voronezh Region-ch Seniors"]
[Site "Voronezh"]
[Date "2008.11.26"]
[Round "8"]
[White "Nartov, Albert"]
[Black "Serdjukov, Valentin"]
[Result "0-1"]
[WhiteElo "1863"]
[BlackElo "1970"]
[PlyCount "66"]
[EventDate "2008.11.18"]
[EventType "swiss"]
[EventRounds "9"]
[EventCountry "RUS"]
[SourceTitle "EXT 2010"]
[Source "ChessBase"]
[SourceDate "2010.11.25"]
[SourceVersion "1"]
[SourceVersionDate "2010.11.25"]
[SourceQuality "1"]

1. Nf3 d5 2. d4 Nf6 3. Nc3 Bf5 4. Bf4 e6 5. a3 a6 6. e3 c5 7. Be2 Nc6 8. 0-0 Bd6 9. Re1 Rc8 10. Rc1 0-0 11. Qd2 Ne4 12. Nxe4 dxe4 13. Bxd6 Qxd6 14. dxc5 Qxc5 15. Nh4 Rfd8 16. Qc3 Qxc3 17. bxc3 Rd7 18. g4 Bg6 19. a4 Ne5 20. Red1 Rxc3 21. Rxd7 Nxd7 22. Rd1 Rc7 23. Ng2 Kf8 24. h4 f5 25. Nf4 Ke7 26. Rd4 Rxc2 27. Bc4 Bf7 28. Bb3 Rc3 29. Rb4 Nc5 30. Ba2 Ra3 31. gxf5 Rxa2 32. fxe6 Bxe6 33. Nxe6 Kxe6 0-1

[Event "Voronezh-ch sf"]
[Site "Voronezh"]
[Date "2008.01.24"]
[Round "6"]
[White "Belov, Yury"]
[Black "Nartov, Albert"]
[Result "1-0"]
[WhiteElo "1723"]
[BlackElo "1863"]
[PlyCount "67"]
[EventDate "2008.01.18"]
[EventType "swiss"]
[EventRounds "9"]
[EventCountry "RUS"]
[SourceTitle "EXT 2010"]
[Source "ChessBase"]
[SourceDate "2010.11.25"]
[SourceVersion "1"]
[SourceVersionDate "2010.11.25"]
[SourceQuality "1"]

1. d4 Nf6 2. c4 g6 3. Nc3 Bg7 4. e4 d6 5. Be2 0-0 6. f4 b6 7. Bf3 c6 8. Be3 e5 9. Qd2 exd4 10. Bxd4 Be6 11. b3 Qc7 12. Nge2 Nbd7 13. 0-0 Rad8 14. Rad1 Nc5 15. Qc2 Rfe8 16. f5 Bc8 17. fxg6 fxg6 18. Ng3 Ng4 19. Bxg4 Bxg4 20. Rd2 Bh6 21. Rdf2 Ne6 22. Qd3 Nxd4 23. Qxd4 Bg7 24. Qd3 Re7 25. Kh1 Be5 26. b4 a6 27. a4 Be6 28. b5 axb5 29. axb5 Bxc3 30. Qxc3 cxb5 31. Qf6 bxc4 32. h4 b5 33. h5 c3 34. h6 1-0

[Event "Voronezh-ch sf"]
[Site "Voronezh"]
[Date "2008.01.20"]
[Round "3"]
[White "Nartov, Albert"]
[Black "Testova, Victoria"]
[Result "1-0"]
[WhiteElo "1863"]
[BlackElo "1706"]
[PlyCount "49"]
[EventDate "2008.01.18"]
[EventType "swiss"]
[EventRounds "9"]
[EventCountry "RUS"]
[SourceTitle "EXT 2010"]
[Source "ChessBase"]
[SourceDate "2010.11.25"]
[SourceVersion "1"]
[SourceVersionDate "2010.11.25"]
[SourceQuality "1"]

1. Nf3 e6 2. d4 d5 3. Bf4 Nf6 4. Nbd2 Be7 5. c4 0-0 6. Rc1 b6 7. cxd5 Nxd5 8. Bg3 c5 9. e4 Nf6 10. e5 Nd5 11. dxc5 Bxc5 12. Bc4 Bb7 13. 0-0 Nd7 14. a3 Rc8 15. Re1 Re8 16. Ne4 a6 17. a4 Bb4 18. Re2 Rc6 19. h4 Qc8 20. Rec2 Rd8 21. Nd4 Rc7 22. Bxd5 Rxc2 23. Nxc2 Qa8 24. Bxb7 Qxb7 25. Nd6 1-0